Tìm hiểu những quy định liên quan đến thủ tục thành lập, hoạt động của các loại hình kinh tế
Uloženo v:
| Hlavní autor: | |
|---|---|
| Médium: | Kniha |
| Jazyk: | Undetermined |
| Vydáno: |
Đồng Nai
Nxb. Đồng Nai
1996
|
| Témata: | |
| Tagy: |
Přidat tag
Žádné tagy, Buďte první, kdo otaguje tento záznam!
|
| Thư viện lưu trữ: | Trung tâm Học liệu Trường Đại học Cần Thơ |
|---|
| LEADER | 00742nam a2200217Ia 4500 | ||
|---|---|---|---|
| 001 | CTU_28335 | ||
| 008 | 210402s9999 xx 000 0 und d | ||
| 020 | |c 50000 | ||
| 082 | |a 346.597065 | ||
| 082 | |b V300 | ||
| 100 | |a Võ, Thành Vị | ||
| 245 | 0 | |a Tìm hiểu những quy định liên quan đến thủ tục thành lập, hoạt động của các loại hình kinh tế | |
| 245 | 0 | |c Võ Thành Vị, Nguyễn Thiềng Đức, Nguyễn Trí Hòa | |
| 260 | |a Đồng Nai | ||
| 260 | |b Nxb. Đồng Nai | ||
| 260 | |c 1996 | ||
| 650 | |a Economics | ||
| 650 | |x Law and legislation | ||
| 650 | |z Vietnam | ||
| 904 | |i Nguyên sửa | ||
| 980 | |a Trung tâm Học liệu Trường Đại học Cần Thơ | ||